I Spy With My Little Eye... - Statistics

General Stats
  • This quiz has been taken 79 times
  • The average score is 7 of 12
Answer Stats
Hint Answer % Correct
(1900s classroom) Something that teachers write on. Chalkboard
97%
(Amusement Park) Something edible and often pink or blue. Cotton Candy
88%
(Fire Station) Something white with black spots. Dalmation
78%
(Beach) Something clear and it stings. Jellyfish
78%
(Karate Dojo) Something black. Belt
75%
(Desert) Something green. Cactus
67%
(Operating Room) Something small and sharp. Scalpel
61%
(American Football Stadium) Something tall and yellow. Field goal post
51%
(McDonald's) Something large and purple. Grimace
38%
(Taxi Cab) Something decorative for a dashboard. Bobblehead
28%
(Rail Depot) Something large and stereotypically red. Caboose
12%
(London) Something tall and white. Tower of London
3%
No matching quizzes found
Score Distribution
Percent of People with Each Score
Percentile by Number Answered
Your Score History
You have not taken this quiz